000 00546nam a2200229 a 4500
999 _c11782
_d11782
001 11782
003 BD-JhCC
005 20201014120040.0
008 201014s2015 ii a|||| |||| 001 0 eng d
020 _a9789384225346
035 _a(BD-JhCC)11782
040 _aBD-JhCC
_dBD-JhCC
041 _aeng
082 _a920.02
_bPEO 2018
245 _a365 people who changed the world /
260 _aIndia :
_bOM KIDZ,
_c2018.
300 _a226
_billus. ;
490 _a365
504 _aIncludes index.
650 _aBiography
942 _2ddc
_cBK